000 00631nam a2200205Ia 4500
005 20260429112254.0
008 260429s9999||||xx |||||||||||||| ||und||
020 _a9781800886902
041 _aEnglish
082 _a341.67
_bSAS
100 _aSassoli, Marco
245 0 _aInternational humanitarian law :
_brules, controversies, and solutions to problems arising in warfare /
_cMarco Sassoli
250 _a2nd ed.
260 _aUnited Kingdom :
_bEdward Elgar Publishing,
_c2024.
300 _aliii, 741 p.; hb
650 _a International
650 _aHumanitarian law
700 _a Tarasevich, Lizaveta
942 _cTB
999 _c53237
_d53237